فهـرس مكتبـة معهد التخطيـط Institute of National Planning Catalog

Management of human resources / (رقم التسجيلة. 13144)

تفاصيل مارك
000 -الفاتح
حقل البيانات ثابتة الطول 00777cam a2200265 i 4500
003 - محدد رقم الضبط
رقم الضبط INP
005 - وقت وتاريخ اخر تعامل مع التسجيلة
رقم الضبط 20260622100100.0
008 - عناصر البيانات ثابتة الطول - معلومات عامة
حقل البيانات ثابتة الطول 791026s1980 njua b 000 0 eng
020 ## - الرقم الدولى المعيارى للكتب
الرقم الدولى المعيارى للكتاب 0135494109
040 ## - مصدر الفهرسة
وكالة الفهرسة الأصلية EG-INP
لغة الفهرسة eng
وكالة النسخ EG-INP
082 04 - رقم تصنيف ديوى العشرى
رقم التصنيف 658.3
رقم الطبعة 21
رقم المادة E M
245 00 - بيان العنوان
العنوان Management of human resources /
بيان المسئولية Edwin L. Miller, Elmer H. Burack, Maryann H. Albrecht.
260 ## - بيانات النشر
مكان الناشر او الموزع Englewood Cliffs, N.J. :
اسم الناشر او الموزع Prentice-Hall,
تاريخ النشر أو التوزيع 1980.
300 ## - الوصف المادى
التعداد 455 p. ;
أبعاد الوعاء 23 cm.
504 ## - تبصرة ببليوجرافية
تبصرة ببليوجرافية,الخ Includes bibliographical references.
650 #0 - المدخل الاضافى بالموضوع-مصطلح موضوعى
مصطلح موضوعي كعنصر مدخل Personnel management.
9 (RLIN) 2456
651 #0 - المدخل الاضافى بالموضوع - اسم جغرافى
مصدر الرأس أو المصطلح human resources.
653 #0 - مصطلح تكشيفى غير مقيد
مصطلح غير مقيد Management.
700 1# - المدخل الاضافى - اسم شخصى
الإسم الشخصى Burack, Elmer H.
700 1# - المدخل الاضافى - اسم شخصى
الإسم الشخصى Albrecht, Maryann H.
901 ## - عنصر بيانات محلىA, LDA (RLIN)
كود المفهرس EGPV26
902 ## - عنصر بيانات محلىB, LDB (RLIN)
كود المراجع EGPV10
903 ## - original or copycat
a copycat
المقتنيات
حالة التراجع المكان المؤقت الموقع الحالى نوع وعاء كوها
  Library INP Library INP كتاب